[Event "Stay Safe Play From Home 411"]
[Site "Emanuel Lasker Arena"]
[Date "2020.08.26"]
[Round "8"]
[White "IceQueen"]
[Black "TheCHESSHOUSE"]
[Result "0-1"]
[WhiteElo "2369"]
[BlackElo "2050"]
[PlyCount "100"]
[EventDate "2020.08.26"]
[EventType "swiss (blitz)"]

1. e4 {[%emt 0:00:01]} e6 {[%emt 0:00:01]} 2. Nc3 {[%emt 0:00:00]} d5 {[%emt 0:00:01]} 3. Nf3 {[%emt 0:00:00]} d4 {[%emt 0:00:01]} 4. Ne2 {[%emt 0:00:01]} c5 {[%emt 0:00:00]} 5. Ng3 {[%emt 0:00:00]} Nc6 {[%emt 0:00:00]} 6. Bb5 {[%emt 0:00:00]} Bd7 {[%emt 0:00:01]} 7. Bxc6 {[%emt 0:00:00]} Bxc6 {[%emt 0:00:00]} 8. d3 {[%emt 0:00:00]} Nf6 {[%emt 0:00:01]} 9. O-O {[%emt 0:00:00]} g6 {[%emt 0:00:00]} 10. Nd2 {[%emt 0:00:00]} Bg7 {[%emt 0:00:00]} 11. Nc4 {[%emt 0:00:00]} O-O {[%emt 0:00:00]} 12. f4 {[%emt 0:00:01]} b5 {[%emt 0:00:01]} 13. Ne5 {[%emt 0:00:01]} Bb7 {[%emt 0:00:02]} 14. f5 {[%emt 0:00:01]} Nxe4 {[%emt 0:00:06]} 15. Nxf7 {[%emt 0:00:11]} Rxf7 {[%emt 0:00:01]} 16. dxe4 {[%emt 0:00:01]} exf5 {[%emt 0:00:01]} 17. exf5 {[%emt 0:00:00]} Qb6 {[%emt 0:00:08]} 18. Bg5 {[%emt 0:00:03]} gxf5 {[%emt 0:00:06]} 19. Nxf5 {[%emt 0:00:03]} Qg6 {[%emt 0:00:00]} 20. Qg4 {[%emt 0:00:03]} Raf8 {[%emt 0:00:06]} 21. Ne7+ {[%emt 0:00:05]} Rxe7 {[%emt 0:00:01]} 22. Rxf8+ {[%emt 0:00:00]} Bxf8 {[%emt 0:00:01]} 23. Rf1 {[%emt 0:00:03]} Rf7 {[%emt 0:00:02]} 24. h4 {[%emt 0:00:00]} Rxf1+ {[%emt 0:00:02]} 25. Kxf1 {[%emt 0:00:00]} Qf7+ {[%emt 0:00:01]} 26. Kg1 {[%emt 0:00:01]} Bg7 {[%emt 0:00:01]} 27. h5 {[%emt 0:00:01]} h6 {[%emt 0:00:01]} 28. Bxh6 {[%emt 0:00:01]} Kh7 {[%emt 0:00:03]} 29. Bxg7 {[%emt 0:00:01]} Qxg7 {[%emt 0:00:00]} 30. Qf5+ {[%emt 0:00:00]} Kh8 {[%emt 0:00:01]} 31. g4 {[%emt 0:00:02]} Qh7 {[%emt 0:00:02]} 32. Qxc5 {[%emt 0:00:02]} Qg7 {[%emt 0:00:01]} 33. Qf5 {[%emt 0:00:03]} Bc6 {[%emt 0:00:01]} 34. Kh2 {[%emt 0:00:01]} Be8 {[%emt 0:00:01]} 35. Kg3 {[%emt 0:00:01]} Bf7 {[%emt 0:00:00]} 36. Kh4 {[%emt 0:00:00]} Bg8 {[%emt 0:00:00]} 37. g5 {[%emt 0:00:01]} Bh7 {[%emt 0:00:00]} 38. Qc8+ {[%emt 0:00:01]} Bg8 {[%emt 0:00:00]} 39. Qc5 {[%emt 0:00:01]} d3 {[%emt 0:00:01]} 40. h6 {[%emt 0:00:01]} Qxb2 {[%emt 0:00:01]} 41. cxd3 {[%emt 0:00:01]} Qf2+ {[%emt 0:00:02]} 42. Kg4 {[%emt 0:00:01]} Qxc5 {[%emt 0:00:00]} 43. d4 {[%emt 0:00:01]} Qxd4+ {[%emt 0:00:00]} 44. Kh5 {[%emt 0:00:00]} Qe5 {[%emt 0:00:00]} 45. Kg4 {[%emt 0:00:01]} Bf7 {[%emt 0:00:00]} 46. Kh4 {[%emt 0:00:01]} Be6 {[%emt 0:00:00]} 47. h7 {[%emt 0:00:00]} Qf4+ {[%emt 0:00:00]} 48. Kh5 {[%emt 0:00:01]} Bf5 {[%emt 0:00:00]} 49. Kh6 {[%emt 0:00:00]} Qg4 {[%emt 0:00:00]} 50. g6 {[%emt 0:00:00]} Qh4# {[%emt 0:00:00] (Lag: Av=0.58s, max=0.8s) (Lag: Av=0.58s, max=0.8s) (Lag: Av=0.58s, max=0.8s)} 0-1

[Event "Stay Safe Play From Home 411"]
[Site "Emanuel Lasker Arena"]
[Date "2020.08.26"]
[Round "8"]
[White "Mepe_Nika"]
[Black "Mamba2001de"]
[Result "1-0"]
[WhiteElo "2356"]
[BlackElo "1458"]
[Annotator "NA"]
[PlyCount "71"]
[EventDate "2020.08.26"]
[EventType "swiss (blitz)"]

1. d4 {[%emt 0:00:00]} e6 {[%emt 0:00:01]} 2. e4 {[%emt 0:00:01]} d5 {[%emt 0:00:01]} 3. Nc3 {[%emt 0:00:00]} dxe4 {[%emt 0:00:01]} 4. Nxe4 {[%emt 0:00:01]} Nd7 {[%emt 0:00:00]} 5. Nf3 {[%emt 0:00:01]} Ngf6 {[%emt 0:00:01]} 6. Bd3 {[%emt 0:00:00]} Be7 {[%emt 0:00:01]} 7. Qe2 {[%emt 0:00:01]} b6 {[%emt 0:00:01]} 8. Bd2 {[%emt 0:00:01]} Bb7 {[%emt 0:00:01]} 9. O-O-O {[%emt 0:00:00]} O-O {[%emt 0:00:01]} 10. g4 {[%emt 0:00:02]} Nxe4 {[%emt 0:00:02]} 11. Bxe4 {[%emt 0:00:01]} Bxe4 {[%emt 0:00:01]} 12. Qxe4 {[%emt 0:00:00]} Nf6 {[%emt 0:00:01]} 13. Qd3 {[%emt 0:00:01]} Qd5 {[%emt 0:00:02]} 14. c4 {[%emt 0:00:06]} Qe4 {[%emt 0:00:07]} 15. Qxe4 {[%emt 0:00:01]} Nxe4 {[%emt 0:00:01]} 16. Be3 {[%emt 0:00:00]} h6 {[%emt 0:00:06]} 17. Ne5 {[%emt 0:00:01]} Bd6 {[%emt 0:00:04]} 18. f3 {[%emt 0:00:03]} Bxe5 {[%emt 0:00:01]} 19. dxe5 {[%emt 0:00:01]} Ng5 {[%emt 0:00:03]} 20. Bxg5 {[%emt 0:00:01]} hxg5 {[%emt 0:00:01]} 21. h4 {[%emt 0:00:00]} gxh4 {[%emt 0:00:02]} 22. Rxh4 {[%emt 0:00:00]} Rad8 {[%emt 0:00:01]} 23. Rdh1 {[%emt 0:00:01]} f6 {[%emt 0:00:02]} 24. exf6 {[%emt 0:00:02]} Rxf6 {[%emt 0:00:01]} 25. Rh8+ {[%emt 0:00:01]} Kf7 {[%emt 0:00:01]} 26. Rxd8 {[%emt 0:00:00]} Rxf3 {[%emt 0:00:01]} 27. Rd7+ {[%emt 0:00:02]} Kf6 {[%emt 0:00:01]} 28. Rxc7 {[%emt 0:00:00]} Rf4 {[%emt 0:00:01]} 29. b3 {[%emt 0:00:02]} Rxg4 {[%emt 0:00:01]} 30. Rf1+ {[%emt 0:00:01]} Ke5 {[%emt 0:00:01]} 31. Rxa7 {[%emt 0:00:00]} Rd4 {[%emt 0:00:03]} 32. Rxg7 {[%emt 0:00:01]} Re4 {[%emt 0:00:02]} 33. Rg5+ {[%emt 0:00:02]} Kd6 {[%emt 0:00:01]} 34. Rd1+ {[%emt 0:00:01]} Kc6 {[%emt 0:00:02]} 35. Kc2 {[%emt 0:00:03]} Re2+ {[%emt 0:00:01]} 36. Kc3 {[%emt 0:00:01] Zeit Zeit Zeit (Lag: Av=0.44s, max=1.2s) (Lag: Av=0.44s, max=1.2s) (Lag: Av=0.44s, max=1.2s)} 1-0

[Event "Stay Safe Play From Home 411"]
[Site "Emanuel Lasker Arena"]
[Date "2020.08.26"]
[Round "8"]
[White "Hickey"]
[Black "Fat Kevin"]
[Result "1-0"]
[WhiteElo "2300"]
[BlackElo "2019"]
[PlyCount "113"]
[EventDate "2020.08.26"]
[EventType "swiss (blitz)"]

1. Nf3 {[%emt 0:00:02]} c6 {[%emt 0:00:00]} 2. g3 {[%emt 0:00:00]} d5 {[%emt 0:00:00]} 3. Bg2 {[%emt 0:00:00]} Nf6 {[%emt 0:00:00]} 4. O-O {[%emt 0:00:00]} g6 {[%emt 0:00:00]} 5. b3 {[%emt 0:00:00]} Bg7 {[%emt 0:00:00]} 6. Bb2 {[%emt 0:00:00]} O-O {[%emt 0:00:00]} 7. d3 {[%emt 0:00:00]} Nbd7 {[%emt 0:00:00]} 8. Nbd2 {[%emt 0:00:00]} Re8 {[%emt 0:00:01]} 9. e4 {[%emt 0:00:00]} e5 {[%emt 0:00:01]} 10. Re1 {[%emt 0:00:01]} d4 {[%emt 0:00:01]} 11. c3 {[%emt 0:00:01]} c5 {[%emt 0:00:01]} 12. a3 {[%emt 0:00:03]} Nb6 {[%emt 0:00:09]} 13. b4 {[%emt 0:00:01]} cxb4 {[%emt 0:00:03]} 14. axb4 {[%emt 0:00:01]} Bg4 {[%emt 0:00:01]} 15. c4 {[%emt 0:00:02]} Nbd7 {[%emt 0:00:04]} 16. h3 {[%emt 0:00:01]} Be6 {[%emt 0:00:02]} 17. Ng5 {[%emt 0:00:02]} h6 {[%emt 0:00:00]} 18. Nxe6 {[%emt 0:00:01]} Rxe6 {[%emt 0:00:00]} 19. c5 {[%emt 0:00:00]} Nh5 {[%emt 0:00:01]} 20. Nc4 {[%emt 0:00:01]} b6 {[%emt 0:00:02]} 21. cxb6 {[%emt 0:00:03]} axb6 {[%emt 0:00:00]} 22. Rxa8 {[%emt 0:00:02]} Qxa8 {[%emt 0:00:00]} 23. Bf3 {[%emt 0:00:03]} Nhf6 {[%emt 0:00:02]} 24. Bg2 {[%emt 0:00:01]} Bf8 {[%emt 0:00:01]} 25. f4 {[%emt 0:00:01]} Bxb4 {[%emt 0:00:02]} 26. Rf1 {[%emt 0:00:00]} exf4 {[%emt 0:00:01]} 27. gxf4 {[%emt 0:00:01]} Bc5 {[%emt 0:00:02]} 28. e5 {[%emt 0:00:01]} Nd5 {[%emt 0:00:04]} 29. Qf3 {[%emt 0:00:01]} b5 {[%emt 0:00:05]} 30. Qxd5 {[%emt 0:00:02]} Qxd5 {[%emt 0:00:02]} 31. Bxd5 {[%emt 0:00:00]} bxc4 {[%emt 0:00:00]} 32. Bxe6 {[%emt 0:00:00]} fxe6 {[%emt 0:00:00]} 33. dxc4 {[%emt 0:00:00]} Nb6 {[%emt 0:00:01]} 34. Rc1 {[%emt 0:00:03]} d3+ {[%emt 0:00:01]} 35. Kf1 {[%emt 0:00:01]} Be3 {[%emt 0:00:01]} 36. Rd1 {[%emt 0:00:01]} d2 {[%emt 0:00:01]} 37. Ke2 {[%emt 0:00:01]} Bxf4 {[%emt 0:00:01]} 38. Bc3 {[%emt 0:00:01]} Nxc4 {[%emt 0:00:01]} 39. Rf1 {[%emt 0:00:01]} Bg5 {[%emt 0:00:01]} 40. Kd3 {[%emt 0:00:02]} Nb6 {[%emt 0:00:02]} 41. Bxd2 {[%emt 0:00:01]} Be7 {[%emt 0:00:02]} 42. Bxh6 {[%emt 0:00:02]} Nd5 {[%emt 0:00:00]} 43. Ke4 {[%emt 0:00:00]} Bc5 {[%emt 0:00:01]} 44. Bd2 {[%emt 0:00:00]} Kg7 {[%emt 0:00:01]} 45. Rf3 {[%emt 0:00:00]} Be7 {[%emt 0:00:00]} 46. Rg3 {[%emt 0:00:01]} g5 {[%emt 0:00:00]} 47. Rg4 {[%emt 0:00:01]} Kg6 {[%emt 0:00:01]} 48. h4 {[%emt 0:00:00]} Kh5 {[%emt 0:00:00]} 49. Rxg5+ {[%emt 0:00:01]} Bxg5 {[%emt 0:00:01]} 50. Bxg5 {[%emt 0:00:00]} Kg6 {[%emt 0:00:00]} 51. Kd4 {[%emt 0:00:01]} Kh5 {[%emt 0:00:00]} 52. Kc5 {[%emt 0:00:01]} Kg6 {[%emt 0:00:00]} 53. Kd6 {[%emt 0:00:00]} Ne3 {[%emt 0:00:01]} 54. Kxe6 {[%emt 0:00:01]} Nf5 {[%emt 0:00:00]} 55. Kd7 {[%emt 0:00:01]} Kh5 {[%emt 0:00:00]} 56. e6 {[%emt 0:00:00]} Nxh4 {[%emt 0:00:00]} 57. e7 {[%emt 0:00:00] Zeit Zeit Zeit (Lag: Av=0.56s, max=1.0s) (Lag: Av=0.56s, max=1.0s) (Lag: Av=0.56s, max=1.0s)} 1-0

[Event "Stay Safe Play From Home 411"]
[Site "Emanuel Lasker Arena"]
[Date "2020.08.26"]
[Round "8"]
[White "KING o KONG"]
[Black "Lamborghini"]
[Result "0-1"]
[WhiteElo "959"]
[BlackElo "2238"]
[PlyCount "58"]
[EventDate "2020.08.26"]
[EventType "swiss (blitz)"]

1. d3 {[%emt 0:00:03]} g6 {[%emt 0:00:01]} 2. e3 {[%emt 0:00:01]} Bg7 {[%emt 0:00:00]} 3. Bd2 {[%emt 0:00:01]} d5 {[%emt 0:00:00]} 4. Be2 {[%emt 0:00:01]} e5 {[%emt 0:00:00]} 5. b3 {[%emt 0:00:01]} Ne7 {[%emt 0:00:01]} 6. g3 {[%emt 0:00:02]} O-O {[%emt 0:00:02]} 7. c3 {[%emt 0:00:01]} c5 {[%emt 0:00:00]} 8. Qc2 {[%emt 0:00:01]} Nbc6 {[%emt 0:00:00]} 9. Na3 {[%emt 0:00:01]} f5 {[%emt 0:00:00]} 10. Nb5 {[%emt 0:00:01]} a6 {[%emt 0:00:01]} 11. Na3 {[%emt 0:00:03]} b5 {[%emt 0:00:00]} 12. O-O-O {[%emt 0:00:03]} Bb7 {[%emt 0:00:00]} 13. Nh3 {[%emt 0:00:01]} b4 {[%emt 0:00:01]} 14. Nb1 {[%emt 0:00:04]} bxc3 {[%emt 0:00:01]} 15. Bxc3 {[%emt 0:00:01]} Rc8 {[%emt 0:00:02]} 16. Ng5 {[%emt 0:00:01]} Qd6 {[%emt 0:00:02]} 17. Nxh7 {[%emt 0:00:01]} Kxh7 {[%emt 0:00:01]} 18. h4 {[%emt 0:00:01]} Nd4 {[%emt 0:00:02]} 19. Bxd4 {[%emt 0:00:03]} cxd4 {[%emt 0:00:01]} 20. exd4 {[%emt 0:00:01]} Rxc2+ {[%emt 0:00:01]} 21. Kxc2 {[%emt 0:00:02]} Rc8+ {[%emt 0:00:00]} 22. Kd2 {[%emt 0:00:02]} Nc6 {[%emt 0:00:01]} 23. h5 {[%emt 0:00:01]} Qb4+ {[%emt 0:00:01]} 24. Ke3 {[%emt 0:00:03]} exd4+ {[%emt 0:00:01]} 25. Kf3 {[%emt 0:00:03]} g5 {[%emt 0:00:01]} 26. Nd2 {[%emt 0:00:08]} Ne5+ {[%emt 0:00:00]} 27. Kg2 {[%emt 0:00:02]} Rc2 {[%emt 0:00:01]} 28. Bf3 {[%emt 0:00:04]} g4 {[%emt 0:00:02]} 29. Bxd5 {[%emt 0:00:01]} Bxd5+ {[%emt 0:00:01] TimeW TimeW TimeW} 0-1

[Event "Stay Safe Play From Home 411"]
[Site "Emanuel Lasker Arena"]
[Date "2020.08.26"]
[Round "9"]
[White "Mepe_Nika"]
[Black "Tran Minh Thang"]
[Result "0-1"]
[WhiteElo "2356"]
[BlackElo "2458"]
[PlyCount "88"]
[EventDate "2020.08.26"]
[EventType "swiss (blitz)"]

1. d4 {[%emt 0:00:01]} Nf6 {[%emt 0:00:01]} 2. Nf3 {[%emt 0:00:00]} g6 {[%emt 0:00:01]} 3. c4 {[%emt 0:00:01]} Bg7 {[%emt 0:00:00]} 4. Nc3 {[%emt 0:00:00]} d5 {[%emt 0:00:00]} 5. h4 {[%emt 0:00:00]} Bg4 {[%emt 0:00:02]} 6. Ne5 {[%emt 0:00:02]} Be6 {[%emt 0:00:02]} 7. h5 {[%emt 0:00:02]} Nxh5 {[%emt 0:00:01]} 8. cxd5 {[%emt 0:00:01]} Bxd5 {[%emt 0:00:00]} 9. e4 {[%emt 0:00:02]} Be6 {[%emt 0:00:02]} 10. Be2 {[%emt 0:00:02]} Nf6 {[%emt 0:00:03]} 11. Bh6 {[%emt 0:00:00]} Bxh6 {[%emt 0:00:01]} 12. Rxh6 {[%emt 0:00:00]} c5 {[%emt 0:00:03]} 13. d5 {[%emt 0:00:01]} Qc7 {[%emt 0:00:05]} 14. f4 {[%emt 0:00:02]} Bd7 {[%emt 0:00:01]} 15. Qd2 {[%emt 0:00:02]} b5 {[%emt 0:00:05]} 16. Nxb5 {[%emt 0:00:05]} Bxb5 {[%emt 0:00:03]} 17. Bxb5+ {[%emt 0:00:00]} Kf8 {[%emt 0:00:00]} 18. Bd3 {[%emt 0:00:07]} Nbd7 {[%emt 0:00:02]} 19. Nxd7+ {[%emt 0:00:02]} Nxd7 {[%emt 0:00:01]} 20. Kf2 {[%emt 0:00:01]} c4 {[%emt 0:00:01]} 21. Bc2 {[%emt 0:00:02]} Nf6 {[%emt 0:00:02]} 22. Rh4 {[%emt 0:00:07]} Qc5+ {[%emt 0:00:02]} 23. Qe3 {[%emt 0:00:01]} Qb4 {[%emt 0:00:00]} 24. Qc3 {[%emt 0:00:02]} Qb6+ {[%emt 0:00:02]} 25. Kf3 {[%emt 0:00:01]} Rc8 {[%emt 0:00:03]} 26. Rah1 {[%emt 0:00:02]} h5 {[%emt 0:00:01]} 27. Ke2 {[%emt 0:00:03]} Rg8 {[%emt 0:00:02]} 28. Kd1 {[%emt 0:00:01]} Ng4 {[%emt 0:00:01]} 29. Kc1 {[%emt 0:00:01]} Nf2 {[%emt 0:00:02]} 30. Rf1 {[%emt 0:00:02]} Nd3+ {[%emt 0:00:03]} 31. Kb1 {[%emt 0:00:00]} Rb8 {[%emt 0:00:01]} 32. Bxd3 {[%emt 0:00:01]} cxd3 {[%emt 0:00:00]} 33. Rd1 {[%emt 0:00:00]} d2 {[%emt 0:00:01]} 34. Rxd2 {[%emt 0:00:01]} Qg1+ {[%emt 0:00:00]} 35. Kc2 {[%emt 0:00:00]} Qe1 {[%emt 0:00:01]} 36. Rh3 {[%emt 0:00:00]} Qxe4+ {[%emt 0:00:01]} 37. Rhd3 {[%emt 0:00:01]} Qf5 {[%emt 0:00:00]} 38. b3 {[%emt 0:00:00]} Rg7 {[%emt 0:00:01]} 39. Kb2 {[%emt 0:00:00]} Kg8 {[%emt 0:00:00]} 40. d6 {[%emt 0:00:00]} Kh7 {[%emt 0:00:00]} 41. d7 {[%emt 0:00:00]} Rd8 {[%emt 0:00:00]} 42. Qd4 {[%emt 0:00:01]} Qf6 {[%emt 0:00:00]} 43. Qe5 {[%emt 0:00:00]} Qxe5+ {[%emt 0:00:00]} 44. fxe5 {[%emt 0:00:00]} e6 {[%emt 0:00:00] Time Time Time (Lag: Av=0.72s, max=1.1s) (Lag: Av=0.72s, max=1.1s) (Lag: Av=0.72s, max=1.1s)} 0-1

[Event "Stay Safe Play From Home 411"]
[Site "Emanuel Lasker Arena"]
[Date "2020.08.26"]
[Round "9"]
[White "Hickey"]
[Black "KING o KONG"]
[Result "1-0"]
[WhiteElo "2305"]
[BlackElo "959"]
[PlyCount "51"]
[EventDate "2020.08.26"]
[EventType "swiss (blitz)"]

1. Nf3 {[%emt 0:00:02]} e6 {[%emt 0:00:01]} 2. g3 {[%emt 0:00:00]} d6 {[%emt 0:00:01]} 3. Bg2 {[%emt 0:00:00]} f6 {[%emt 0:00:01]} 4. O-O {[%emt 0:00:00]} g6 {[%emt 0:00:01]} 5. d4 {[%emt 0:00:01]} c6 {[%emt 0:00:01]} 6. e4 {[%emt 0:00:00]} b6 {[%emt 0:00:01]} 7. Nc3 {[%emt 0:00:00]} Bb7 {[%emt 0:00:03]} 8. e5 {[%emt 0:00:00]} Be7 {[%emt 0:00:01]} 9. exd6 {[%emt 0:00:01]} Qxd6 {[%emt 0:00:02]} 10. Re1 {[%emt 0:00:00]} Nd7 {[%emt 0:00:02]} 11. Qe2 {[%emt 0:00:00]} O-O-O {[%emt 0:00:01]} 12. Qxe6 {[%emt 0:00:01]} Qxe6 {[%emt 0:00:03]} 13. Rxe6 {[%emt 0:00:00]} f5 {[%emt 0:00:03]} 14. Bf4 {[%emt 0:00:02]} Ngf6 {[%emt 0:00:05]} 15. Rae1 {[%emt 0:00:01]} Rhe8 {[%emt 0:00:03]} 16. Rxe7 {[%emt 0:00:02]} Rxe7 {[%emt 0:00:01]} 17. Rxe7 {[%emt 0:00:00]} Ba6 {[%emt 0:00:08]} 18. Ng5 {[%emt 0:00:01]} Ng4 {[%emt 0:00:04]} 19. Nf7 {[%emt 0:00:02]} Ngf6 {[%emt 0:00:02]} 20. Nd6+ {[%emt 0:00:02]} Kc7 {[%emt 0:00:02]} 21. d5 {[%emt 0:00:01]} cxd5 {[%emt 0:00:04]} 22. Nxd5+ {[%emt 0:00:00]} Kc6 {[%emt 0:00:01]} 23. c4 {[%emt 0:00:03]} Kc5 {[%emt 0:00:02]} 24. b4+ {[%emt 0:00:02]} Kc6 {[%emt 0:00:04]} 25. Be3 {[%emt 0:00:00]} Bxc4 {[%emt 0:00:02]} 26. Nxf6+ {[%emt 0:00:02] TimeB TimeB TimeB} 1-0

[Event "Stay Safe Play From Home 411"]
[Site "Emanuel Lasker Arena"]
[Date "2020.08.26"]
[Round "9"]
[White "Stefanone"]
[Black "NTBT_DHS"]
[Result "0-1"]
[WhiteElo "2104"]
[BlackElo "2563"]
[PlyCount "54"]
[EventDate "2020.08.26"]
[EventType "swiss (blitz)"]

1. d4 {[%emt 0:00:01]} g6 {[%emt 0:00:01]} 2. e3 {[%emt 0:00:00]} Bg7 {[%emt 0:00:00]} 3. f4 {[%emt 0:00:00]} Nf6 {[%emt 0:00:00]} 4. Nf3 {[%emt 0:00:00]} O-O {[%emt 0:00:00]} 5. Bc4 {[%emt 0:00:00]} d5 {[%emt 0:00:00]} 6. Bd3 {[%emt 0:00:01]} c5 {[%emt 0:00:00]} 7. c3 {[%emt 0:00:01]} Nc6 {[%emt 0:00:01]} 8. Qe2 {[%emt 0:00:01]} b6 {[%emt 0:00:00]} 9. O-O {[%emt 0:00:01]} Bb7 {[%emt 0:00:01]} 10. Nbd2 {[%emt 0:00:00]} Qc7 {[%emt 0:00:01]} 11. Ne5 {[%emt 0:00:01]} Rad8 {[%emt 0:00:01]} 12. g4 {[%emt 0:00:01]} Ne8 {[%emt 0:00:01]} 13. g5 {[%emt 0:00:01]} Nd6 {[%emt 0:00:00]} 14. Ndf3 {[%emt 0:00:01]} f6 {[%emt 0:00:01]} 15. gxf6 {[%emt 0:00:01]} exf6 {[%emt 0:00:00]} 16. Nxc6 {[%emt 0:00:01]} Qxc6 {[%emt 0:00:00]} 17. Qg2 {[%emt 0:00:01]} c4 {[%emt 0:00:01]} 18. Bc2 {[%emt 0:00:01]} Rfe8 {[%emt 0:00:02]} 19. Bd2 {[%emt 0:00:00]} Ne4 {[%emt 0:00:01]} 20. Bxe4 {[%emt 0:00:01]} Rxe4 {[%emt 0:00:00]} 21. Ne1 {[%emt 0:00:02]} Bc8 {[%emt 0:00:01]} 22. Nc2 {[%emt 0:00:01]} Bf5 {[%emt 0:00:01]} 23. Be1 {[%emt 0:00:03]} a5 {[%emt 0:00:00]} 24. Qf2 {[%emt 0:00:00]} Rde8 {[%emt 0:00:01]} 25. a3 {[%emt 0:00:01]} b5 {[%emt 0:00:01]} 26. Bd2 {[%emt 0:00:01]} R4e7 {[%emt 0:00:01]} 27. Rae1 {[%emt 0:00:01]} Bxc2 {[%emt 0:00:01] Stefanone abbandona Stefanone abbandona Stefanone abbandona (Lag: Av=0.47s, max=0.7s) (Lag: Av=0.47s, max=0.7s) (Lag: Av=0.47s, max=0.7s)} 0-1

[Event "Stay Safe Play From Home 411"]
[Site "Emanuel Lasker Arena"]
[Date "2020.08.26"]
[Round "9"]
[White "Fat Kevin"]
[Black "Nguyen Hong Anh"]
[Result "0-1"]
[WhiteElo "2014"]
[BlackElo "2246"]
[PlyCount "60"]
[EventDate "2020.08.26"]
[EventType "swiss (blitz)"]

1. c4 {[%emt 0:00:01]} Nf6 {[%emt 0:00:01]} 2. Nc3 {[%emt 0:00:00]} d5 {[%emt 0:00:01]} 3. cxd5 {[%emt 0:00:01]} Nxd5 {[%emt 0:00:00]} 4. d4 {[%emt 0:00:00]} g6 {[%emt 0:00:01]} 5. e4 {[%emt 0:00:01]} Nxc3 {[%emt 0:00:01]} 6. bxc3 {[%emt 0:00:00]} Bg7 {[%emt 0:00:00]} 7. Nf3 {[%emt 0:00:00]} c5 {[%emt 0:00:01]} 8. Bb5+ {[%emt 0:00:01]} Bd7 {[%emt 0:00:01]} 9. Bxd7+ {[%emt 0:00:01]} Nxd7 {[%emt 0:00:00]} 10. O-O {[%emt 0:00:00]} O-O {[%emt 0:00:00]} 11. Be3 {[%emt 0:00:01]} Rc8 {[%emt 0:00:01]} 12. Qb3 {[%emt 0:00:02]} b6 {[%emt 0:00:01]} 13. Qa4 {[%emt 0:00:01]} Nf6 {[%emt 0:00:01]} 14. Nd2 {[%emt 0:00:04]} cxd4 {[%emt 0:00:02]} 15. cxd4 {[%emt 0:00:00]} Qd7 {[%emt 0:00:01]} 16. Qb3 {[%emt 0:00:03]} Rfd8 {[%emt 0:00:02]} 17. Rfd1 {[%emt 0:00:03]} Ng4 {[%emt 0:00:01]} 18. Nc4 {[%emt 0:00:04]} Qe6 {[%emt 0:00:02]} 19. Nd2 {[%emt 0:00:10]} Bxd4 {[%emt 0:00:05]} 20. Qxe6 {[%emt 0:00:02]} fxe6 {[%emt 0:00:02]} 21. Bxd4 {[%emt 0:00:08]} Rxd4 {[%emt 0:00:00]} 22. Nf3 {[%emt 0:00:04]} Rxe4 {[%emt 0:00:01]} 23. Ng5 {[%emt 0:00:01]} Re5 {[%emt 0:00:01]} 24. f4 {[%emt 0:00:04]} Re2 {[%emt 0:00:02]} 25. h3 {[%emt 0:00:00]} Ne3 {[%emt 0:00:01]} 26. Re1 {[%emt 0:00:01]} Rxg2+ {[%emt 0:00:01]} 27. Kh1 {[%emt 0:00:00]} Rg3 {[%emt 0:00:01]} 28. Kh2 {[%emt 0:00:01]} Nf5 {[%emt 0:00:01]} 29. Rxe6 {[%emt 0:00:02]} Rc2+ {[%emt 0:00:01]} 30. Kh1 {[%emt 0:00:00]} h6 {[%emt 0:00:04] Zeit Zeit Zeit (Lag: Av=1.05s, max=2.1s) (Lag: Av=1.05s, max=2.1s) (Lag: Av=1.05s, max=2.1s)} 0-1

[Event "Stay Safe Play From Home 411"]
[Site "Emanuel Lasker Arena"]
[Date "2020.08.26"]
[Round "9"]
[White "Mamba2001de"]
[Black "IceQueen"]
[Result "0-1"]
[WhiteElo "1458"]
[BlackElo "2340"]
[Annotator "NA"]
[PlyCount "54"]
[EventDate "2020.08.26"]
[EventType "swiss (blitz)"]

1. e4 {[%emt 0:00:01]} c5 {[%emt 0:00:00]} 2. Nf3 {[%emt 0:00:01]} e6 {[%emt 0:00:00]} 3. c3 {[%emt 0:00:01]} d5 {[%emt 0:00:01]} 4. d3 {[%emt 0:00:01]} dxe4 {[%emt 0:00:01]} 5. dxe4 {[%emt 0:00:01]} Qxd1+ {[%emt 0:00:00]} 6. Kxd1 {[%emt 0:00:01]} Nc6 {[%emt 0:00:00]} 7. Kc2 {[%emt 0:00:01]} Bd7 {[%emt 0:00:00]} 8. Be3 {[%emt 0:00:01]} O-O-O {[%emt 0:00:00]} 9. Bc4 {[%emt 0:00:03]} f5 {[%emt 0:00:00]} 10. exf5 {[%emt 0:00:02]} exf5 {[%emt 0:00:00]} 11. Nbd2 {[%emt 0:00:02]} Nf6 {[%emt 0:00:00]} 12. Rad1 {[%emt 0:00:02]} Na5 {[%emt 0:00:00]} 13. Bb3 {[%emt 0:00:02]} Nxb3 {[%emt 0:00:01]} 14. Nxb3 {[%emt 0:00:01]} Be7 {[%emt 0:00:01]} 15. Kb1 {[%emt 0:00:01]} b6 {[%emt 0:00:01]} 16. Ne5 {[%emt 0:00:02]} Be6 {[%emt 0:00:02]} 17. f4 {[%emt 0:00:02]} Kb7 {[%emt 0:00:04]} 18. Rhe1 {[%emt 0:00:02]} Nd5 {[%emt 0:00:00]} 19. g3 {[%emt 0:00:05]} Nxe3 {[%emt 0:00:02]} 20. Rxd8 {[%emt 0:00:03]} Bf6 {[%emt 0:00:00]} 21. Rxh8 {[%emt 0:00:03]} Nd5 {[%emt 0:00:02]} 22. Nc4 {[%emt 0:00:05]} Bd7 {[%emt 0:00:02]} 23. Nd6+ {[%emt 0:00:02]} Kc6 {[%emt 0:00:00]} 24. Ne8 {[%emt 0:00:02]} Bd8 {[%emt 0:00:02]} 25. Nxg7 {[%emt 0:00:02]} Bf6 {[%emt 0:00:01]} 26. Ne8 {[%emt 0:00:04]} Bxh8 {[%emt 0:00:02]} 27. c4 {[%emt 0:00:07]} Nb4 {[%emt 0:00:02] Zeit Zeit Zeit (Lag: Av=0.40s, max=0.5s) (Lag: Av=0.40s, max=0.5s) (Lag: Av=0.40s, max=0.5s)} 0-1